Historia de las mujeres: una historia propia

সংরক্ষণ করুন:
গ্রন্থ-পঞ্জীর বিবরন
প্রধান লেখক: Anderson, Bonnie S (Author)
বিন্যাস: গ্রন্থ
ভাষা:স্প্যানিশ
প্রকাশিত: Barcelona Crítica 1991
মালা:Serie Mayor
বিষয়গুলি:
ট্যাগগুলো: ট্যাগ যুক্ত করুন
কোনো ট্যাগ নেই, প্রথমজন হিসাবে ট্যাগ করুন!

MARC

LEADER 00000nam a2200000 a 4500
001 UCX4691
003 CL-VaPUC
008 920709e19910000SP |||||||||||||||||spa|d
082 0 4 |a 305.409  |b AND  |2 21 
100 0 |a Anderson, Bonnie S  |e author  |9 320971 
245 1 0 |a Historia de las mujeres: una historia propia 
300 |a v 
942 |c BK 
945 |d 19920709 00:00:00 
260 |a Barcelona  |b Crítica  |c 1991 
650 7 |a MUJERES HISTORIA  |2 CL-VaPUC  |9 319594 
650 7 |a FEMINISMO HISTORIA  |2 CL-VaPUC  |9 315695 
651 0 |a Europa  |9 255156 
583 |a last modification  |c 19920709 00:00:00  |k Rodrigo Vera 
490 0 |a Serie Mayor 
999 |c 225101  |d 225099 
952 |0 0  |1 0  |4 0  |6 305_409000000000000_AND_1991  |7 0  |8 A  |9 222309  |a BIBHIS  |b BIBHIS  |d 2019-11-15  |h v.1  |i 2911337  |l 1  |o 305.409 AND 1991  |p 2911337  |r 2025-01-20  |s 2023-11-28  |w 2019-11-15  |y BK  |k HIS 
952 |0 0  |1 0  |4 0  |6 305_409000000000000_AND_1991  |7 0  |8 A  |9 222310  |a BIBHIS  |b BIBHIS  |d 2019-11-15  |h v.2  |i 2911345  |l 2  |o 305.409 AND 1991  |p 2911345  |r 2025-03-19  |s 2025-03-18  |w 2019-11-15  |y BK  |k HIS